000
00330nam a22001217a 4500
008
180516b xxu||||| |||| 00| 0 eng d
041
_a
eng
080
_a
043.3
100
_a
0
101
_a
MBE-BTH
245
_a
Identifikimi i faktorëve që ndikojnë në kënaqshmërinë e klientëve me bankën
_c
Xheladini,B
942
_2
udc
_c
BK
999
_c
45851
_d
45851